Forestry economics : a managerial approach

Bibliographic Details
Main Author: Joh. E.Wagner
Format: Book
Published: Londonb: Routledge , 2012
Series:Managing forest ecosystems : v16
Subjects:

MARC

LEADER 00000cam a2200000 7i4500
001 0000004174
005 20190108.0
020 0 0 |a 9780415774765 
090 0 0 |a 634.92   |b ECO 2012 
100 0 1 |a Joh. E.Wagner 
245 1 0 |a Forestry economics :   |b a managerial approach 
260 0 0 |a Londonb: Routledge ,   |c 2012 
300 |a vii, 377 p. :   |b ill. ;   |c 24 cm. 
490 0 0 |a Managing forest ecosystems : v16 
500 0 0 |a Includes bibliographical references and index 
650 0 0 |a Forest and forestry---economic aspect 
650 0 0 |a Forest management 
998 |a JPSM 
999 |a 008056   |b Monograph   |c Open Shelf   |e Default branch